Tabut (Record no. 160437)

MARC details
000 -LEADER
fixed length control field 00527nam a22001817a 4500
005 - DATE AND TIME OF LATEST TRANSACTION
control field 20190129155223.0
010 ## - LCCN (DPL NO)
LC control number B-083479
020 ## - INTERNATIONAL STANDARD BOOK NUMBER
International Standard Book Number 8187385340
Terms of availability 55.00
035 ## - SYSTEM CONTROL NUMBER
System control number B-083479
037 ## - SOURCE OF ACQUISITION
Source of stock number/acquisition Rightway Publications
082 ## - DEWEY DECIMAL CLASSIFICATION NUMBER
Classification number S
100 ## - MAIN ENTRY--PERSONAL NAME
Personal name Owadally, Mohamad Yasin
245 ## - TITLE STATEMENT
Title Tabut
Remainder of title the heavenly ark and other stories
Statement of responsibility, etc by Mohamad Yasin Owadally
260 ## - PUBLICATION, DISTRIBUTION, ETC. (IMPRINT)
Place of publication, distribution, etc New Delhi
Name of publisher, distributor, etc Rightway Publications
300 ## - PHYSICAL DESCRIPTION
Extent viii, 95p.
Dimensions 18cm
942 ## - ADDED ENTRY ELEMENTS (KOHA)
Source of classification or shelving scheme Dewey Decimal Classification
Item type English Books
Classification part S
Call number suffix QWA
Holdings
Withdrawn status Lost status Not for loan Collection code Home library Current library Date acquired Full call number Barcode Koha item type
      Fiction Sarojini Nagar Sarojini Nagar 29/01/2019 S QWA B-083479 English Books

© Delhi Public Library
Hit Counter
free hit counter